[Event "IX Weekend A"]
[Site "Palermo ITA"]
[Date "2004.10.31"]
[Round "5"]
[White "Mazzilli, Piero"]
[Black "Valguarnera, Girolamo"]
[Result "1-0"]
[WhiteElo "2312"]
[BlackElo "2113"]
[PlyCount "63"]
[EventDate "2004.10.29"]

1. d4 Nf6 2. Nc3 d6 3. e4 g6 4. f4 Bg7 5. Nf3 O-O 6. Bd3 c6 7. O-O b5 8. a3 a6
9. Qe1 c5 10. dxc5 dxc5 11. e5 Ng4 12. h3 Nh6 13. Be4 Ra7 14. Be3 Nd7 15. b4
Rc7 16. Nd5 Bb7 17. Nxc7 Bxe4 18. Nxa6 c4 19. Rf2 Nf5 20. Ng5 Bd5 21. Rd1 e6
22. Nc5 Nxc5 23. Bxc5 Qa8 24. Bxf8 Bxf8 25. Rxd5 exd5 26. g4 Qxa3 27. gxf5 Bxb4
28. Qe2 Bc5 29. e6 Qg3+ 30. Kf1 Bxf2 31. exf7+ Kg7 32. f6+ 1-0

[Event "IX Weekend A"]
[Site "Palermo ITA"]
[Date "2004.10.31"]
[Round "5"]
[White "Tirrito, Luca"]
[Black "Insabato, Giovanbattista"]
[Result "1-0"]
[WhiteElo "2132"]
[BlackElo "2116"]
[PlyCount "85"]
[EventDate "2004.10.29"]

1. e4 e5 2. Nf3 Nc6 3. Bb5 a6 4. Bxc6 dxc6 5. d4 exd4 6. Qxd4 Qxd4 7. Nxd4 c5
8. Ne2 Nf6 9. Nbc3 c6 10. f3 b5 11. Bf4 Be6 12. Rd1 Rd8 13. O-O Be7 14. Rxd8+
Kxd8 15. Rd1+ Kc8 16. Bd6 Bxd6 17. Rxd6 Kc7 18. Rd1 Rd8 19. Rxd8 Kxd8 20. Nf4
Ke7 21. a3 a5 22. Nd3 Nd7 23. Kf2 c4 24. Nf4 Nc5 25. Ke3 b4 26. axb4 axb4 27.
Nd1 Nd7 28. Nxe6 Kxe6 29. Kd4 b3 30. c3 Ne5 31. f4 c5+ 32. Kxc5 Nd3+ 33. Kxc4
Nxf4 34. g3 Nh3 35. Kxb3 Ke5 36. c4 Kxe4 37. Kb4 Ke5 38. c5 Ke6 39. Kb5 Kd7 40.
Kb6 Kc8 41. Ne3 Ng5 42. Nf5 Ne6 43. Nd6+ 1-0

[Event "IX Weekend A"]
[Site "Palermo ITA"]
[Date "2004.10.31"]
[Round "5"]
[White "Verga, Domenico"]
[Black "Brancati, Emanuele"]
[Result "1-0"]
[WhiteElo "1878"]
[BlackElo "1688"]
[PlyCount "49"]
[EventDate "2004.10.29"]

1. e4 c5 2. c3 d5 3. exd5 Qxd5 4. d4 Nc6 5. Nf3 Bg4 6. Be2 Nf6 7. h3 Bf5 8. c4
Qd7 9. d5 Nb4 10. Na3 Rd8 11. Bf4 a6 12. O-O e6 13. Ne5 Qc8 14. Qa4+ Nd7 15. g4
Be4 16. f3 Bg6 17. dxe6 fxe6 18. Rad1 Bf7 19. Nxd7 Rxd7 20. Be5 Nc6 21. f4 Nxe5
22. fxe5 Ke7 23. Rxf7+ Kxf7 24. Qxd7+ Qxd7 25. Rxd7+ 1-0

[Event "IX Weekend A"]
[Site "Palermo ITA"]
[Date "2004.11.01"]
[Round "6"]
[White "Amato, Andrea"]
[Black "Mazzilli, Piero"]
[Result "0-1"]
[WhiteElo "2061"]
[BlackElo "2312"]
[PlyCount "56"]
[EventDate "2004.10.29"]

1. e4 Nc6 2. d4 d5 3. Nc3 dxe4 4. d5 Ne5 5. Qd4 Ng6 6. Nxe4 c6 7. c4 e6 8. Nc3
N8e7 9. h4 exd5 10. h5 Nf5 11. Qd1 Nge7 12. g4 Nd6 13. cxd5 Nxd5 14. Nxd5 cxd5
15. Bg2 Be6 16. Nh3 Qa5+ 17. Bd2 Qb5 18. Bc3 Ne4 19. Bxe4 dxe4 20. Qd4 Bc5 21.
Qxg7 O-O-O 22. Rd1 Rxd1+ 23. Kxd1 Rd8+ 24. Kc1 Qd3 25. Qg5 Bb6 26. Nf4 Qf3 27.
Rg1 Bxf2 28. Nxe6 fxe6 0-1

[Event "IX Weekend A"]
[Site "Palermo ITA"]
[Date "2004.11.01"]
[Round "6"]
[White "Di Caro, Calogero"]
[Black "Tirrito, Luca"]
[Result "1-0"]
[WhiteElo "2317"]
[BlackElo "2132"]
[PlyCount "47"]
[EventDate "2004.10.29"]

1. e4 e5 2. Nf3 d6 3. d4 exd4 4. Nxd4 Nf6 5. Nc3 Be7 6. Bf4 O-O 7. Qd2 Nc6 8.
O-O-O Nxd4 9. Qxd4 Be6 10. f3 Nd7 11. Qe3 Bf6 12. g4 Re8 13. g5 Be5 14. h4 c6
15. h5 Qa5 16. Bxe5 dxe5 17. g6 h6 18. gxf7+ Kxf7 19. f4 exf4 20. Qxf4+ Kg8 21.
Rg1 Qxh5 22. Be2 Qh3 23. Rd3 Rf8 24. Qd6 1-0

[Event "IX Weekend A"]
[Site "Palermo ITA"]
[Date "2004.11.01"]
[Round "6"]
[White "Ferrante, Marco"]
[Black "Ferrante, Francesco"]
[Result "1/2-1/2"]
[WhiteElo "2095"]
[BlackElo "2092"]
[PlyCount "115"]
[EventDate "2004.10.29"]

1. e4 c5 2. Nf3 Nc6 3. Bb5 g6 4. c3 Bg7 5. d4 cxd4 6. cxd4 a6 7. Bxc6 dxc6 8.
h3 Nf6 9. Nc3 O-O 10. O-O Qc7 11. Be3 h6 12. Qc1 Kh7 13. e5 Nd7 14. Bf4 Qd8 15.
e6 fxe6 16. Ne4 Nf6 17. Re1 Nxe4 18. Rxe4 Qd5 19. Qe3 Bd7 20. Ne5 Rf5 21. g4
Rff8 22. Kh2 Rab8 23. Re1 Be8 24. Bxh6 Bxh6 25. g5 Rxf2+ 26. Qxf2 Bxg5 27. Ng4
Qf5 28. Rxe6 Qxf2+ 29. Nxf2 Bf7 30. R6e4 Bxa2 31. h4 Bf6 32. Kg3 Bd5 33. Rg4
Rd8 34. Nd3 Bf7 35. Nc5 Bc4 36. b3 b6 37. bxc4 bxc5 38. dxc5 Rd3+ 39. Kg2 a5
40. Re6 a4 41. Rxc6 a3 42. Ra6 Rd2+ 43. Kf3 a2 44. c6 Rd6 45. Rg1 a1=Q 46.
Rgxa1 Bxa1 47. c7 Rxa6 48. c8=Q Ra2 49. Ke4 Bf6 50. Qg4 Ra5 51. Qg1 Bxh4 52. c5
e6 53. Qh2 Rxc5 54. Qxh4+ Rh5 55. Qe7+ Kh6 56. Qxe6 Rf5 57. Qg8 Kg5 58. Qh7
1/2-1/2

[Event "IX Weekend A"]
[Site "Palermo ITA"]
[Date "2004.11.01"]
[Round "6"]
[White "Ferro, Mario"]
[Black "Bentivegna, Francesco"]
[Result "1/2-1/2"]
[WhiteElo "2226"]
[BlackElo "2215"]
[PlyCount "48"]
[EventDate "2004.10.29"]

1. Nf3 Nf6 2. c4 g6 3. Nc3 d5 4. cxd5 Nxd5 5. e4 Nxc3 6. bxc3 Bg7 7. Bb5+ Bd7
8. Rb1 O-O 9. O-O c5 10. d4 Bg4 11. dxc5 Qc7 12. Be3 Nc6 13. Be2 Rfd8 14. Qa4
Bxc3 15. Qb3 Bxf3 16. Bxf3 Qe5 17. Qxb7 Nd4 18. Bxd4 Bxd4 19. c6 Bb6 20. Rfd1
Qc5 21. Kh1 Rxd1+ 22. Rxd1 Rd8 23. Rxd8+ Bxd8 24. Qd7 Bb6 1/2-1/2

[Event "IX Weekend A"]
[Site "Palermo ITA"]
[Date "2004.11.01"]
[Round "6"]
[White "Ganci, Fabrizio"]
[Black "Galioto, Giovanni"]
[Result "1/2-1/2"]
[WhiteElo "2159"]
[BlackElo "2159"]
[PlyCount "48"]
[EventDate "2004.10.29"]

1. d4 Nf6 2. Nf3 g6 3. Bg5 Bg7 4. Nbd2 d6 5. e4 c6 6. Be2 O-O 7. c3 Nbd7 8. O-O
Qc7 9. Qc2 e5 10. dxe5 Nxe5 11. Rad1 Nxf3+ 12. Bxf3 Be6 13. Nb3 Rad8 14. h3 h6
15. Bh4 g5 16. Bg3 Qe7 17. Nd4 Nh7 18. Qa4 a6 19. Qa3 c5 20. Nf5 Bxf5 21. exf5
Be5 22. Rfe1 Qc7 23. c4 Nf6 24. Re2 Rfe8 1/2-1/2

[Event "IX Weekend A"]
[Site "Palermo ITA"]
[Date "2004.11.01"]
[Round "6"]
[White "Insabato, Giovanbattista"]
[Black "Livecchi, Dario"]
[Result "1/2-1/2"]
[WhiteElo "2116"]
[BlackElo "2171"]
[PlyCount "65"]
[EventDate "2004.10.29"]

1. e4 c5 2. Nf3 Nc6 3. Nc3 e6 4. d3 d5 5. Bf4 g6 6. g3 Bg7 7. Bg2 Nge7 8. O-O
h6 9. h4 d4 10. Ne2 f5 11. exf5 gxf5 12. Re1 O-O 13. Bd2 e5 14. Qc1 Kh7 15. Nh2
f4 16. gxf4 Nf5 17. Ng3 Qxh4 18. Be4 Kh8 19. Nf3 Qh3 20. Re2 Nh4 21. Nxh4 Qxh4
22. f5 Ne7 23. Kg2 Nxf5 24. Qh1 Qf6 25. Nxf5 Bxf5 26. Bxf5 Qxf5 27. Rg1 Qf3+
28. Kf1 Qxh1 29. Rxh1 Kh7 30. Re4 Rae8 31. Reh4 Re6 32. Ke2 Rg6 33. R1h2
1/2-1/2

[Event "IX Weekend A"]
[Site "Palermo ITA"]
[Date "2004.11.01"]
[Round "6"]
[White "La Bella, Roberto"]
[Black "Casto, Corrado"]
[Result "0-1"]
[WhiteElo "2060"]
[BlackElo "2105"]
[PlyCount "108"]
[EventDate "2004.10.29"]

1. e4 c6 2. d4 d5 3. exd5 cxd5 4. c4 Nf6 5. Nc3 Nc6 6. Nf3 Bg4 7. cxd5 Nxd5 8.
Qb3 Bxf3 9. gxf3 e6 10. Qxb7 Nxd4 11. Bb5+ Nxb5 12. Qc6+ Ke7 13. Qxb5 Qd7 14.
Nxd5+ exd5 15. Bg5+ f6 16. Qxd7+ Kxd7 17. Be3 Bb4+ 18. Ke2 Rhd8 19. Rhg1 g6 20.
Rac1 Ke6 21. Bd4 Rd7 22. Rc6+ Bd6 23. Rgc1 Kf5 24. Kd3 Rf8 25. h3 Rff7 26. a3
h5 27. Rg1 h4 28. b4 g5 29. Re1 Be5 30. Be3 Rb7 31. Rc5 Rfd7 32. Bd2 Bb2 33.
Rb1 Be5 34. a4 Bc7 35. Be3 Rd6 36. b5 a6 37. Rbc1 Ba5 38. Rc6 Rxc6 39. bxc6 Rc7
40. Rc5 Bb4 41. Rxd5+ Ke6 42. Rd4 a5 43. Rc4 Kd5 44. f4 gxf4 45. Bxf4 Rxc6 46.
Rxc6 Kxc6 47. Ke4 Kc5 48. Kf5 Bc3 49. Kg4 Kb4 50. Kxh4 Kxa4 51. Kg4 Kb3 52. Kf5
a4 53. Bd6 Bd2 54. h4 Bb4 0-1

[Event "IX Weekend A"]
[Site "Palermo ITA"]
[Date "2004.11.01"]
[Round "6"]
[White "Massafra, Antonio"]
[Black "Bertino, Giacomo"]
[Result "1-0"]
[WhiteElo "1801"]
[BlackElo "2034"]
[PlyCount "75"]
[EventDate "2004.10.29"]

1. Nf3 c5 2. e3 g6 3. d4 cxd4 4. exd4 Bg7 5. c3 Nf6 6. Bd3 O-O 7. O-O Nc6 8.
Re1 e6 9. Bg5 a6 10. Qc1 Qc7 11. Bh6 b5 12. Bxg7 Kxg7 13. Ne5 Bb7 14. Qg5 d6
15. Nf3 b4 16. c4 Qb6 17. c5 dxc5 18. dxc5 Qc7 19. Nbd2 Rad8 20. Be4 Nxe4 21.
Nxe4 f6 22. Qe3 e5 23. Nd6 Bc8 24. h3 Be6 25. Red1 Rd7 26. Rd2 a5 27. Rad1 Re7
28. g4 h6 29. Qe4 f5 30. gxf5 Bxf5 31. Nxf5+ Rxf5 32. Rd6 Nd4 33. Nxd4 exd4 34.
Qxd4+ Kh7 35. Rd7 Qxd7 36. Qxd7 Rxd7 37. Rxd7+ Kg8 38. c6 1-0

[Event "IX Weekend A"]
[Site "Palermo ITA"]
[Date "2004.11.01"]
[Round "6"]
[White "Messina, Giuseppe"]
[Black "Campo, Renato"]
[Result "0-1"]
[WhiteElo "1700"]
[BlackElo "2121"]
[PlyCount "70"]
[EventDate "2004.10.29"]

1. e4 e6 2. Nf3 d5 3. exd5 exd5 4. d4 Bd6 5. Bd3 Bg4 6. Be3 Nf6 7. h3 Bh5 8.
Nbd2 Nbd7 9. c3 c5 10. Qc2 Qc7 11. dxc5 Nxc5 12. Bxc5 Bxc5 13. Qa4+ Kf8 14.
O-O-O a6 15. Qc2 Bg6 16. Bxg6 hxg6 17. Nb3 Be7 18. Ng5 Rh5 19. h4 Kg8 20. f3
Qf4+ 21. Qd2 Rxh4 22. Qxf4 Rxf4 23. g3 Rc4 24. Rh3 Rd8 25. Nd2 Rc6 26. Rdh1 Nh5
27. g4 Bxg5 28. f4 Bxf4 29. gxh5 gxh5 30. Rxh5 Rh6 31. Rxh6 Bxh6 32. Kc2 Bxd2
33. Kxd2 d4 34. cxd4 Rxd4+ 35. Kc3 Re4 0-1

[Event "IX Weekend A"]
[Site "Palermo ITA"]
[Date "2004.11.01"]
[Round "6"]
[White "Musella, Vincenzo"]
[Black "Mangione, Claudio"]
[Result "0-1"]
[WhiteElo "1919"]
[BlackElo "2088"]
[PlyCount "62"]
[EventDate "2004.10.29"]

1. e4 e5 2. Nf3 Nf6 3. Nxe5 d6 4. Nf3 Nxe4 5. d4 d5 6. Bd3 Nc6 7. O-O Be7 8. c4
Nb4 9. Bxe4 dxe4 10. Ne5 O-O 11. a3 Na6 12. Nc3 f6 13. Ng4 c5 14. d5 Bd6 15. f4
exf3 16. Qxf3 f5 17. Nf2 Qh4 18. g3 Qxc4 19. Bd2 Qb3 20. Bf4 Bxf4 21. gxf4 c4
22. Kh1 Nc5 23. Rg1 Bd7 24. h4 Rae8 25. h5 Qxb2 26. h6 g6 27. Ra2 Qb6 28. Nh3
Nd3 29. Rag2 Ne1 30. Rxg6+ hxg6 31. Qh5 Qxg1+ 0-1

[Event "IX Weekend A"]
[Site "Palermo ITA"]
[Date "2004.11.01"]
[Round "6"]
[White "Terranova, Roberto"]
[Black "Gangemi, Salvatore"]
[Result "1-0"]
[WhiteElo "1820"]
[BlackElo "2105"]
[PlyCount "89"]
[EventDate "2004.10.29"]

1. c4 e5 2. Nc3 Nf6 3. g3 Bc5 4. Bg2 O-O 5. Nf3 h6 6. Nxe5 Re8 7. Nd3 Bf8 8.
O-O c6 9. Nf4 d6 10. d4 Bf5 11. e3 Qd7 12. Nh5 Nxh5 13. Qxh5 a5 14. Qe2 a4 15.
Bd2 a3 16. b3 Na6 17. e4 d5 18. e5 Nb4 19. Rfd1 Nc2 20. Rac1 Nxd4 21. Qf1 dxc4
22. Qxc4 Bg4 23. Re1 Nf3+ 24. Bxf3 Bxf3 25. Qf4 Bh5 26. Na4 Rad8 27. Ba5 g5 28.
Qe3 Rb8 29. Rc2 Qh3 30. f4 gxf4 31. gxf4 Qxe3+ 32. Rxe3 Bg6 33. Rg3 Kh7 34. Rd2
b6 35. Bxb6 Rxb6 36. Nxb6 Bc5+ 37. Kf1 Bxb6 38. Rd6 Re6 39. Rd7 h5 40. f5 Bxf5
41. Rxf7+ Kh6 42. Rxf5 h4 43. Rg4 Bd8 44. Rg8 Rg6 45. Rxd8 1-0

[Event "IX Weekend A"]
[Site "Palermo ITA"]
[Date "2004.11.01"]
[Round "6"]
[White "Valguarnera, Girolamo"]
[Black "Naumkin, Igor"]
[Result "1/2-1/2"]
[WhiteElo "2113"]
[BlackElo "2479"]
[PlyCount "50"]
[EventDate "2004.10.29"]

1. e4 e6 2. d4 d5 3. Nc3 Bb4 4. e5 c5 5. a3 Bxc3+ 6. bxc3 Ne7 7. a4 Qa5 8. Bd2
Nbc6 9. Nf3 Bd7 10. Bd3 c4 11. Be2 f6 12. O-O O-O 13. Qc1 Ng6 14. Qa3 fxe5 15.
dxe5 Ngxe5 16. Nxe5 Nxe5 17. Bg5 Rfe8 18. Bh5 Rf8 19. Rab1 Nc6 20. Rb5 Qc7 21.
Bh4 e5 22. Bg3 Rf4 23. Rfb1 Nd8 24. R5b2 Bc6 25. Qc5 a6 1/2-1/2

[Event "IX Weekend A"]
[Site "Palermo ITA"]
[Date "2004.11.01"]
[Round "7"]
[White "Bertino, Giacomo"]
[Black "Brancati, Emanuele"]
[Result "1-0"]
[WhiteElo "2034"]
[BlackElo "1688"]
[PlyCount "47"]
[EventDate "2004.10.29"]

1. e4 c5 2. Nf3 d6 3. d4 cxd4 4. Nxd4 Nf6 5. Nc3 a6 6. Bc4 e6 7. Bb3 Be7 8. O-O
O-O 9. f4 b5 10. a3 Bb7 11. e5 dxe5 12. fxe5 Nd5 13. Qg4 Bc5 14. Kh1 Kh8 15.
Nf3 Ne3 16. Bxe3 Bxe3 17. Rad1 Qb6 18. Ng5 Bxg5 19. Qxg5 Qc6 20. Rd6 Qe8 21.
Bxe6 h6 22. Qh4 Nc6 23. Bd5 f6 24. exf6 1-0

[Event "IX Weekend A"]
[Site "Palermo ITA"]
[Date "2004.11.01"]
[Round "7"]
[White "Campo, Renato"]
[Black "Verga, Domenico"]
[Result "1-0"]
[WhiteElo "2121"]
[BlackElo "1878"]
[PlyCount "53"]
[EventDate "2004.10.29"]

1. c3 d5 2. d4 c6 3. Nf3 Bf5 4. g3 Nf6 5. Bg2 h6 6. Nbd2 e6 7. O-O Bd6 8. Re1
Nbd7 9. Nh4 Bh7 10. e4 dxe4 11. Nxe4 Nxe4 12. Bxe4 Bxe4 13. Rxe4 Nf6 14. Re1
O-O 15. Nf3 Qb6 16. Ne5 Qc7 17. Qf3 c5 18. Bxh6 cxd4 19. cxd4 Nd5 20. Bxg7 f6
21. Bxf8 Kxf8 22. Ng6+ Kg7 23. Qg4 f5 24. Qg5 Kf7 25. Qh5 Kf6 26. Qh6 Kf7 27.
Nh8+ 1-0

[Event "IX Weekend A"]
[Site "Palermo ITA"]
[Date "2004.11.01"]
[Round "7"]
[White "Casto, Corrado"]
[Black "Ferro, Mario"]
[Result "0-1"]
[WhiteElo "2105"]
[BlackElo "2226"]
[PlyCount "48"]
[EventDate "2004.10.29"]

1. d4 c5 2. d5 e5 3. e4 d6 4. Nc3 g6 5. Nf3 Bg7 6. Be2 Ne7 7. Nd2 f5 8. Nc4 a6
9. a4 b6 10. Bg5 h6 11. Bxe7 Kxe7 12. exf5 gxf5 13. g4 Nd7 14. Qd3 Nf6 15. gxf5
Bd7 16. Rg1 Rg8 17. f4 exf4 18. Kf2 b5 19. Nd2 c4 20. Qh3 Qb6+ 21. Kg2 Qe3 22.
Nf3 Ne4 23. Qh4+ Bf6+ 24. Ng5 Nxg5 0-1

[Event "IX Weekend A"]
[Site "Palermo ITA"]
[Date "2004.11.01"]
[Round "7"]
[White "Ferrante, Francesco"]
[Black "Amato, Andrea"]
[Result "1/2-1/2"]
[WhiteElo "2092"]
[BlackElo "2061"]
[PlyCount "29"]
[EventDate "2004.10.29"]

1. e4 e5 2. Nf3 d6 3. Bc4 Be7 4. d4 exd4 5. Nxd4 Nf6 6. Nc3 O-O 7. O-O Nc6 8.
Nxc6 bxc6 9. h3 Be6 10. Bd3 Nd7 11. Ne2 Bf6 12. f4 Nc5 13. c3 Bc8 14. Nd4 Re8
15. Re1 1/2-1/2

[Event "IX Weekend A"]
[Site "Palermo ITA"]
[Date "2004.11.01"]
[Round "7"]
[White "Galioto, Giovanni"]
[Black "Livecchi, Dario"]
[Result "1/2-1/2"]
[WhiteElo "2159"]
[BlackElo "2171"]
[PlyCount "39"]
[EventDate "2004.10.29"]

1. e4 d5 2. exd5 Nf6 3. d4 Bg4 4. Be2 Bxe2 5. Qxe2 Qxd5 6. Nf3 e6 7. O-O Nc6 8.
Nc3 Qh5 9. Bf4 O-O-O 10. Rfd1 Qf5 11. Bg3 h5 12. Nb5 a6 13. Nxc7 Bd6 14. Na8
Bxg3 15. hxg3 Nd7 16. Qe3 Rhe8 17. Ne5 Ndxe5 18. dxe5 Qxe5 19. Nb6+ Kc7 20. Nc4
1/2-1/2

[Event "IX Weekend A"]
[Site "Palermo ITA"]
[Date "2004.11.01"]
[Round "7"]
[White "Gangemi, Salvatore"]
[Black "Massafra, Antonio"]
[Result "1-0"]
[WhiteElo "2105"]
[BlackElo "1801"]
[PlyCount "37"]
[EventDate "2004.10.29"]

1. e4 d5 2. exd5 Qxd5 3. Nc3 Qa5 4. Nf3 Nf6 5. h3 Bf5 6. d4 c6 7. Bd2 e6 8. a3
Nbd7 9. Bc4 Qc7 10. Qe2 Nb6 11. Bb3 O-O-O 12. Bg5 Bd6 13. Ne5 h6 14. Bh4 g5 15.
g4 Bh7 16. Nxf7 Bf4 17. Bg3 Rxd4 18. Bxe6+ Kb8 19. Nxh8 1-0

[Event "IX Weekend A"]
[Site "Palermo ITA"]
[Date "2004.11.01"]
[Round "7"]
[White "Gueci, Riccardo"]
[Black "Messina, Giuseppe"]
[Result "1-0"]
[WhiteElo "2126"]
[BlackElo "1700"]
[PlyCount "61"]
[EventDate "2004.10.29"]

1. e4 c6 2. d4 d5 3. exd5 cxd5 4. Bd3 h6 5. Bf4 Nc6 6. c3 e6 7. Nf3 Bd6 8. Bxd6
Qxd6 9. O-O Nge7 10. Re1 O-O 11. Nbd2 Bd7 12. Rc1 Rac8 13. Nf1 a6 14. Ng3 Ng6
15. Bb1 Rce8 16. Qd3 b5 17. a3 Bc8 18. Ne5 Ncxe5 19. dxe5 Qc5 20. Rcd1 Rd8 21.
Qc2 Rfe8 22. Rd4 Kf8 23. h4 Qc7 24. Qe2 Ne7 25. Rf4 g6 26. h5 g5 27. Rf6 Ng8
28. Qd3 Ke7 29. Rxf7+ Kxf7 30. Qh7+ Kf8 31. Qxc7 1-0

[Event "IX Weekend A"]
[Site "Palermo ITA"]
[Date "2004.11.01"]
[Round "7"]
[White "Mangione, Claudio"]
[Black "Insabato, Giovanbattista"]
[Result "1-0"]
[WhiteElo "2088"]
[BlackElo "2116"]
[PlyCount "75"]
[EventDate "2004.10.29"]

1. c4 Nf6 2. Nf3 e6 3. Nc3 d5 4. d4 Nbd7 5. cxd5 exd5 6. Bg5 Be7 7. e3 O-O 8.
Qc2 Re8 9. Bd3 Nf8 10. O-O c6 11. h3 Ng6 12. Bxf6 Bxf6 13. b4 Be7 14. b5 Bd6
15. bxc6 bxc6 16. Nb1 Qf6 17. Nbd2 Bd7 18. Rab1 h5 19. Rfc1 Rad8 20. Rb7 Bb8
21. Rcb1 Nf8 22. e4 g5 23. e5 Qh6 24. Bf5 g4 25. Nh4 Ne6 26. Nb3 Qg5 27. g3
gxh3 28. Kh2 a5 29. a4 c5 30. f4 Nxf4 31. Rxd7 cxd4 32. Rxd8 Rxd8 33. Bh7+ Kh8
34. Qf5 Qxf5 35. Bxf5 Ne2 36. Re1 Nc3 37. Nxd4 Ba7 38. Nc6 1-0

[Event "IX Weekend A"]
[Site "Palermo ITA"]
[Date "2004.11.01"]
[Round "7"]
[White "Mazzilli, Piero"]
[Black "Ferrante, Marco"]
[Result "1-0"]
[WhiteElo "2312"]
[BlackElo "2095"]
[PlyCount "80"]
[EventDate "2004.10.29"]

1. e4 e6 2. d4 d5 3. Nc3 c6 4. e5 c5 5. Nf3 Nc6 6. Be3 cxd4 7. Bxd4 Nge7 8. Qd2
Nf5 9. O-O-O Nfxd4 10. Nxd4 Bb4 11. f4 Bd7 12. a3 Be7 13. Kb1 Nxd4 14. Qxd4 Qa5
15. f5 Rc8 16. Na2 Qc7 17. Bd3 Bc5 18. Qf4 Qb6 19. Ka1 Bd4 20. c3 Be3 21. Qg3
Bh6 22. Rhf1 Qb3 23. Qf2 Qa4 24. Bc2 Qa5 25. g4 Rc4 26. Rd4 Qb6 27. h4 Rxd4 28.
cxd4 Bb5 29. g5 Bxg5 30. hxg5 Bxf1 31. Qxf1 exf5 32. Nc3 a6 33. Ba4+ Kd8 34.
Qxf5 Qe6 35. Qf3 h6 36. gxh6 Rxh6 37. Nxd5 Rh3 38. Qg2 Rh6 39. Nc3 Rh4 40. Qxb7
Qc4 1-0

[Event "IX Weekend A"]
[Site "Palermo ITA"]
[Date "2004.11.01"]
[Round "7"]
[White "Naumkin, Igor"]
[Black "Bentivegna, Francesco"]
[Result "1-0"]
[WhiteElo "2479"]
[BlackElo "2215"]
[PlyCount "59"]
[EventDate "2004.10.29"]

1. d4 Nf6 2. Nf3 g6 3. c4 Bg7 4. Nc3 d5 5. cxd5 Nxd5 6. Bd2 O-O 7. Rc1 Nb6 8.
e3 Nc6 9. Be2 e5 10. dxe5 Nxe5 11. Nxe5 Bxe5 12. O-O Be6 13. b3 Qe7 14. f4 Bg7
15. e4 Rad8 16. Qe1 Rfe8 17. Kh1 c6 18. Be3 Bf5 19. e5 f6 20. g4 Bd3 21. Bxd3
Rxd3 22. Bxb6 axb6 23. Ne4 Qd7 24. Qe2 Rd5 25. Qg2 Bf8 26. Rce1 fxe5 27. f5 Re7
28. Re2 Kh8 29. Qh3 gxf5 30. gxf5 1-0

[Event "IX Weekend A"]
[Site "Palermo ITA"]
[Date "2004.11.01"]
[Round "7"]
[White "Terranova, Roberto"]
[Black "Ganci, Fabrizio"]
[Result "0-1"]
[WhiteElo "1820"]
[BlackElo "2159"]
[PlyCount "82"]
[EventDate "2004.10.29"]

1. c4 c6 2. Nc3 d5 3. cxd5 cxd5 4. d3 Nc6 5. g3 Nf6 6. Bg2 e6 7. a3 a5 8. Nf3
Be7 9. O-O O-O 10. Nb5 e5 11. Nc3 h6 12. Nd2 Be6 13. Nb3 Rc8 14. d4 e4 15. Na4
Bf5 16. Bd2 b5 17. Nc3 a4 18. Nc1 Qb6 19. e3 Na5 20. Qe2 Nc4 21. Be1 Rfe8 22.
Rb1 Bf8 23. h3 Rb8 24. Ra1 Qe6 25. Kh2 Bd6 26. Rh1 Bg6 27. Qc2 Bh5 28. N1e2 g5
29. Kg1 Kg7 30. Ra2 Nd7 31. Nb1 f5 32. Nd2 Bxe2 33. Nxe4 dxe4 34. Qxe2 Nf6 35.
Ra1 Nd5 36. g4 f4 37. exf4 Nxf4 38. Qf1 Be7 39. Bc3 Bf6 40. Re1 Nxg2 41. Qxg2
Qd5 0-1

[Event "IX Weekend A"]
[Site "Palermo ITA"]
[Date "2004.11.01"]
[Round "7"]
[White "Tirrito, Luca"]
[Black "La Bella, Roberto"]
[Result "1/2-1/2"]
[WhiteElo "2132"]
[BlackElo "2060"]
[PlyCount "95"]
[EventDate "2004.10.29"]

1. e4 e5 2. Nf3 Nc6 3. Bb5 f5 4. Nc3 fxe4 5. Nxe4 d5 6. Ng3 Bg4 7. h3 Bxf3 8.
Bxc6+ bxc6 9. Qxf3 Nf6 10. O-O Bd6 11. Nf5 O-O 12. Nxd6 Qxd6 13. d3 Rae8 14.
Bg5 Qc5 15. Qe2 e4 16. Qd2 h6 17. Bxf6 Rxf6 18. dxe4 Rxe4 19. Rae1 Rfe6 20. c3
Qe7 21. Rxe4 Rxe4 22. a4 Rxa4 23. f3 Ra2 24. Rd1 Qg5 25. Qxg5 hxg5 26. Rd2 a5
27. Kf2 Kf7 28. Ke3 Ke6 29. Kd3 a4 30. g3 c5 31. Re2+ Kd6 32. f4 gxf4 33. gxf4
c4+ 34. Ke3 c5 35. Rd2 a3 36. bxa3 Rxa3 37. Rc2 d4+ 38. Kd2 Rxc3 39. Rxc3 dxc3+
40. Kxc3 Kd5 41. f5 Kd6 42. Kxc4 Kc6 43. h4 Kd6 44. f6 gxf6 45. h5 Ke6 46. Kxc5
Kf5 47. Kd6 Kg5 48. Ke6 1/2-1/2

[Event "IX Weekend A"]
[Site "Palermo ITA"]
[Date "2004.11.01"]
[Round "7"]
[White "Valguarnera, Girolamo"]
[Black "Di Caro, Calogero"]
[Result "1-0"]
[WhiteElo "2113"]
[BlackElo "2317"]
[PlyCount "57"]
[EventDate "2004.10.29"]

1. e4 e6 2. d4 d5 3. Nc3 Bb4 4. e5 c5 5. a3 Ba5 6. b4 cxd4 7. Qg4 Ne7 8. Qxg7
Rg8 9. Qxh7 dxc3 10. bxa5 Nbc6 11. Nf3 Qc7 12. a6 Nxe5 13. Ng5 bxa6 14. Be2 Bb7
15. f4 Rxg5 16. fxg5 d4 17. O-O Qc5 18. Bd3 O-O-O 19. Rb1 Nxd3 20. cxd3 Qd5 21.
Rxb7 Qxb7 22. Qxf7 Nd5 23. g6 Ne3 24. Qxe6+ Kb8 25. Bxe3 dxe3 26. Qxe3 c2 27.
Rc1 Qb1 28. g7 Rg8 29. Qd2 1-0

[Event "IX Weekend A"]
[Site "Palermo ITA"]
[Date "2004.11.02"]
[Round "8"]
[White "Bentivegna, Francesco"]
[Black "Ferrante, Francesco"]
[Result "1/2-1/2"]
[WhiteElo "2215"]
[BlackElo "2092"]
[PlyCount "32"]
[EventDate "2004.10.29"]

1. d4 Nf6 2. Bg5 e6 3. e4 Be7 4. e5 Nd5 5. Bxe7 Nxe7 6. Nf3 d5 7. Bd3 c5 8.
dxc5 Qa5+ 9. Nbd2 Qxc5 10. O-O Qb6 11. c4 Nbc6 12. Qb3 Qxb3 13. axb3 O-O 14.
Rac1 Nb4 15. Bb1 dxc4 16. Rxc4 Nbd5 1/2-1/2

[Event "IX Weekend A"]
[Site "Palermo ITA"]
[Date "2004.11.02"]
[Round "8"]
[White "Di Caro, Calogero"]
[Black "Ferro, Mario"]
[Result "1-0"]
[WhiteElo "2317"]
[BlackElo "2226"]
[PlyCount "55"]
[EventDate "2004.10.29"]

1. Nf3 f5 2. c4 Nf6 3. g3 g6 4. Bg2 Bg7 5. O-O O-O 6. Nc3 Nc6 7. d4 d6 8. d5
Ne5 9. Qb3 Nxf3+ 10. exf3 e5 11. dxe6 Bxe6 12. f4 Rb8 13. Re1 Qd7 14. Nd5 c6
15. Nxf6+ Bxf6 16. Qd3 d5 17. cxd5 Bxd5 18. Be3 Rbd8 19. Rad1 Qf7 20. Bxd5 Rxd5
21. Qa3 b6 22. b3 Rfd8 23. Qc1 Qd7 24. Rxd5 cxd5 25. Rd1 d4 26. Qc4+ Qf7 27.
Qxf7+ Kxf7 28. Bd2 1-0

[Event "IX Weekend A"]
[Site "Palermo ITA"]
[Date "2004.11.02"]
[Round "8"]
[White "Ferrante, Marco"]
[Black "Campo, Renato"]
[Result "1-0"]
[WhiteElo "2095"]
[BlackElo "2121"]
[PlyCount "55"]
[EventDate "2004.10.29"]

1. e4 e6 2. d4 d5 3. exd5 exd5 4. Bd3 Bd6 5. Ne2 Nf6 6. c3 O-O 7. Bg5 Re8 8.
Nd2 c6 9. Qc2 Bg4 10. f3 Bh5 11. Bxh7+ Kh8 12. Bd3 Nbd7 13. O-O-O Qa5 14. Kb1
c5 15. Rde1 cxd4 16. Nxd4 Nc5 17. N2b3 Qa4 18. Bb5 Bg6 19. Bxa4 Bxc2+ 20. Kxc2
Nxa4 21. Bxf6 gxf6 22. Nf5 Bc7 23. Nbd4 Nc5 24. Nb5 Be5 25. Nbd6 Rf8 26. Rd1
Rad8 27. Rxd5 Ne6 28. Rhd1 1-0

[Event "IX Weekend A"]
[Site "Palermo ITA"]
[Date "2004.11.02"]
[Round "8"]
[White "Galioto, Giovanni"]
[Black "Greco, Salvatore"]
[Result "1-0"]
[WhiteElo "2159"]
[BlackElo "1877"]
[PlyCount "45"]
[EventDate "2004.10.29"]

1. e4 d5 2. exd5 Nf6 3. d4 Bg4 4. Be2 Bxe2 5. Qxe2 Qxd5 6. Nf3 e6 7. O-O Nc6 8.
Nc3 Qf5 9. Be3 O-O-O 10. Rfd1 Be7 11. Nb5 Ne4 12. c4 Kb8 13. Nc3 g5 14. Nxe4
Qxe4 15. d5 f5 16. dxc6 Rdf8 17. Rd4 Qxc6 18. Ne5 Qe8 19. Nd7+ Ka8 20. Nxf8
Rxf8 21. Rad1 Bd6 22. Bxg5 Qg6 23. c5 1-0